000 00692nam a22002417a 4500
003 UA-OsUOA
001 83568
007 ta
008 20120422b un ||||| |||| 00| 0 ukr d
100 _aБойко В.Г.
090 _a821.161.2
_bБ77
942 _cBK
040 _aUA-OsUOA
_bukr
_cUA-OsUOA
_dUA-OsUOA
245 _aКому грати Червону Шапочку?
_bкомедії, сценки, п'єси-казки
300 _a359 с.
955 _a3
041 _aukr
080 _a821.161.2
020 _a978-966-01-0536-2
260 _aК.
_bВеселка
_c2011
650 7 _a82 Література. Літературознавство
_2UDC
999 _c369876
_d369876